00396nam a2200169Ia 4500003000400000005001700004008004100021020001500062050002400077100001300101245003500114260003500149300002100184440000600205521000700211526000800218OSt20140315092211.0140130s9999 xx 000 0 und d a0590602284 aPZ 7b.V9718An 1995 aVos, Ida aAnna is still here /cIda Vos. bScholastic,c1995.aNew York : a139 p. :c18 cm. v1 aG2 c420